Fable - Gigi Perez - All Lyrics - Statistics

General Stats
  • This quiz has been taken 156 times
  • The average score is 138 of 200
Answer Stats
Answer % Correct
I
96%
Ah-ah,
95%
and
95%
Fable
93%
to
93%
Oh
92%
the
92%
so
86%
So
86%
we
86%
me
84%
not
84%
be
82%
my
82%
was
82%
someone
81%
Someone
81%
truth
81%
When
81%
when
81%
do
79%
do,
79%
do)
79%
does
79%
Love
79%
who
79%
religion
78%
taught,
78%
law
77%
start
77%
we're
77%
skin
75%
Why
75%
born
74%
burn
74%
burn?
74%
it
74%
you
74%
you,
74%
you)
74%
her
73%
starts
73%
tell
73%
can't
71%
in
71%
question,
71%
that
71%
for
70%
capital
68%
"Destiny
68%
it's
68%
It's
68%
or
68%
Direct
67%
feel
67%
Feel
67%
gives
67%
I'm
67%
loss
67%
of
67%
returned"
67%
look
66%
(Look
66%
Look
66%
our
66%
Our
66%
lifted
64%
out
64%
says,
64%
urn
64%
earned
63%
rare
63%
argue,
62%
Divinity
62%
somebody'd
62%
Everything,
60%
mean
60%
this
60%
'Cause
59%
prayer
59%
prayers
59%
there,
59%
all
58%
(All
58%
believe,
58%
bought
58%
juice
58%
new
58%
rot
58%
doesn't
55%
contradicts
53%
eyes
53%
mules
53%
Hedges
52%
like
52%
Like
52%
rules
52%
Stars
51%
Thoughts
51%
your
51%
sister's
48%
into
47%
If
45%
share
45%
sky
45%
they'd
45%
blink
44%
back
42%
life
41%
open
41%
could
38%
dream
38%
eternal
38%
hand,
37%
plan
37%
Understand
37%
implore
32%
lamb?
30%
No matching quizzes found
Score Distribution
Percent of People with Each Score
Percentile by Number Answered
Your Score History
You have not taken this quiz